000 00754nam a2200241Ia 4500
003 OSt
005 20220923224850.0
006 a|||||r|||| 00| 0
007 ta
008 220922b |||||||| |||| 00| 0 hin d
024 _a252,626
037 _cTextual
040 _aARTS
_cARTS
_bhin
041 _2hin
_ahin
082 _aO152,6:gN, K5
245 0 _aद्विवेदी - युग की हिन्दी गद्य शैलियों का अध्ययन
246 _aDvivedī - yug kī hindī gadya shailiyoan kā adhyayana
260 _c1965
300 _a487पृ.
_ccm.
650 _aहिन्दी साहित्य
_9156264
942 _hO152,6:gN, K5
_cTEXL
_2CC
999 _c374239
_d374239